Gaming Quiz

Random Gaming or Pokémon Quiz

Video Game Character Map Quiz Stats

 Plays Quiz not verified by Sporcle

Score 0/16 Timer 02:00
0 Plays Today
% Correct
Sonic
98.3%
Mario
98%
Pikachu
96%
Pac-Man
93.6%
Link
92.4%
Crash Bandicoot
89.2%
Spyro
81.4%
Lara Croft
78.3%
% Correct
Master Chief
77.3%
Ryu
76.3%
Duke Nukem
72.7%
Kratos
68.8%
Scorpion
67.9%
Cloud Strife
61.5%
Gordon Freeman
56.9%
Viktor Reznov
13.9%

You're not logged in!

Compare scores with friends on all Sporcle quizzes.
OR
Log In

You Might Also Like...

Show Comments

Extras

Top Quizzes Today


Score Distribution

Your Account Isn't Verified!

In order to create a playlist on Sporcle, you need to verify the email address you used during registration. Go to your Sporcle Settings to finish the process.

Report this User

Report this user for behavior that violates our Community Guidelines.

Details: